| 000 | 00559nam a2200193Ia 4500 | ||
|---|---|---|---|
| 005 | 20250508150819.0 | ||
| 008 | 008 250505s9999 xx 000 0 eng d | ||
| 037 | _aTextual | ||
| 040 |
_aFEDL _beng _cFEDL |
||
| 041 |
_aeng _2eng |
||
| 084 |
_a745.6, GEO _qFEDL |
||
| 100 |
_aGeorge Ross F _9757336 |
||
| 245 | 0 | _aSpeedball text book: Letering poster design for pen or brush | |
| 250 | _a15 | ||
| 260 |
_aNew Jeresy, USA _bC Howard Hunt Pen Co of Camden _c1948 |
||
| 300 | _a88p | ||
| 942 |
_cTEXL _h745.6, GEO |
||
| 999 |
_c1325824 _d1325824 |
||